01664nam a2200337 i 4500001001000000003000900010005001700019007000300036008004100039040003000080082001900110100004400129245010100173250002200274264005800296300002600354336002700380337003300407338002800440504002600468590002700494700003100521910001400552942001400566952014100580952013500721952014100856952015600997952015601153999001701309000046647DO-SdBNP20250219144341.0ta090827s2005 dr 000 0 spa d aDO-SdBNPbspacBNPHUerda axxxxbP8612221 aPotentini, Salvador967426eautor4aut.13aLa extradicción en el nuevo proceso penal dominicano /cSalvador Potentini, Sergio A. Ortiz V. aPrimera edición 1aMoca, República Dominicana :bEditora Dalis,c2005. a224 páginasc21 cm. atextobtxt2rdacontent asin mediaciónbn2rdamedia avolumenbnc2rdacarrier aBibliografía p: 221 aInventariado, 2018/ YL12aOrtiz V., Sergio A.973038 aYLockward 2ddccLBS1 00102ddc56708DSaBNPHUbBNPHUcCTd2018-03-15iLF1l0oBNPHU DS xxxx xxxp46647-30r2020-06-25te. 3w2020-06-25yLBS1ZNo se presta 00102ddc51708PDaBNPHUbBNPHUcCTd2018-03-15iLF1l0oBNPHU PD xxxx xxxp46647-10r2020-06-25w2020-06-25yLBS1ZNo se presta 00102ddc51708PDaBNPHUbBNPHUcCTd2018-03-15iLF1l0oBNPHU PD xxxx xxxp46647-20r2020-06-25te. 2w2020-06-25yLBS1ZNo se presta 00102ddc56708DSaBNPHUbBNPHUcCTd2018-05-07eDonado por Librería DumeiLF1l0oBNPHU DS xxxx xxxp2025-1076r2025-02-20te. 4w2020-06-25yLBS1 00102ddc56708DSaBNPHUbBNPHUcCTd2018-05-07eDonado por Librería DumeiLF1l0oBNPHU DS xxxx xxxp2025-1077r2025-02-20te. 5w2020-06-25yLBS1 c46136d46136